Statistics

Bibliographic Details
Main Author: Harper, W. M.
Format: Book
Language:English
Published: London : Long Group , c1988
Edition:Fifth Edition
Subjects:

MARC

LEADER 00000cam a2200000 7i4500
001 0000001396
005 20230530.0
008 991125 enk eng
020 |a 0712119957 (pbk) 
040 |a INS 
090 0 0 |a QA276   |b .H388 1988 
100 1 |a Harper, W. M. 
245 1 0 |a Statistics   |c W. M. Harper 
250 |a Fifth Edition 
260 |a London :   |b Long Group ,   |c c1988 
300 |a xii, 464 p. :   |b ill. ;   |c 18 cm. 
500 |a Includes index 
650 0 |a Mathematical statistics 
999 |a 0000003106   |b BOOK   |c Open Shelf   |e Default branch 
999 |a 0000022705   |b BOOK   |c Open Shelf   |e Default branch